Statistics for World Capitals Ending with Y

Click here to take the quiz!

General Stats

  • This quiz has been taken 282 times
  • The average score is 6 of 8

Answer Stats

Answer% Correct
Mexico City
87%
Panama City
87%
Guatemala City
85%
Vatican City
84%
Kuwait City
79%
Conakry
78%
Niamey
78%
Port Moresby
62%

Score Distribution

Percentile by Number Answered

Percent of People with Each Score

Your Score History

You have not taken this quiz